one direction and solo songs alphabetical order - Statistics

General Stats
  • This quiz has been taken 23 times
    13 since last reset
  • The average score is 212 of 394
Answer Stats
Hint Answer % Correct
# 18
100%
a always you
100%
a am
100%
a another world
100%
b back for you
100%
b best song ever
100%
c change
100%
c change my mind
100%
c change your ticket
100%
c clouds
100%
d diana
100%
d drag me down
100%
f fireproof
100%
f flicker
100%
h heartbreak weather
100%
h hey angel
100%
h history
100%
h home
100%
i illusion
100%
i infinity
100%
i i want
100%
i i want to write you a song
100%
i i would
100%
j just hold on
100%
k kiss you
100%
l last first kiss
100%
l lemonade
100%
l little black dress
100%
l little things
100%
l little white lies
100%
l live while were young
100%
l love you goodbye
100%
m midnight
100%
m midnight memories
100%
m miss you
100%
n night changes
100%
o olivia
100%
o one thing
100%
o only the brave
100%
s san francisco
100%
s she
100%
s shes not afraid
100%
s sign of the times
100%
s spaces
100%
s steal my girl
100%
s still
100%
s still the one
100%
s story of my life
100%
s strong
100%
t taken
100%
t the greatest
100%
t they dont know about us
100%
w walls
100%
w watermelon sugar
100%
w what makes you beautiful
100%
w where do broken hearts go
100%
y you & i
100%
a act my age
80%
a adore you
80%
a angel
80%
a angels fly
80%
a aperture
80%
a are you listening yet
80%
a as it was
80%
b back to you
80%
b better
80%
b better than words
80%
b bigger than me
80%
b black and white
80%
c carlas song
80%
c cmon cmon
80%
d dance no more
80%
d dark to light
80%
d defenceless
80%
d does he know
80%
d dont forget where you belong
80%
d dont let it break your heart
80%
e end of the day
80%
e ever since new york
80%
e everything about you
80%
f fine line
80%
f from the dining table
80%
g girl almighty
80%
g golden
80%
g gotta be you
80%
g grapejuice
80%
h half a heart
80%
h happily
80%
h heaven
80%
i if i could fly
80%
i intermission: flower
80%
i i wish
80%
k keep driving
80%
k kill my mind
80%
k kiwi
80%
l lazy
80%
l long way down
80%
m magic
80%
m matilda
80%
m moments
80%
m more than this
80%
m music for a sushi restaurant
80%
m must be love
80%
n na na na
80%
n never enough
80%
n new angel
80%
n nice to meet ya
80%
n no control
80%
o once in a lifetime
80%
o only angel
80%
o out of my system
80%
o over again
80%
p paper houses
80%
p perfect
80%
r ready steady go
80%
r ready to run
80%
r right now
80%
r rock me
80%
s same mistakes
80%
s sanity
80%
s save you tonight
80%
s slow
80%
s slow hands
80%
s small talk
80%
s something great
80%
s stand up
80%
s stockholm syndrome
80%
s strip that down
80%
s summer love
80%
s sunflowers
80%
s sunflower vol 6
80%
s sweet creature
80%
t teardrops
80%
t tell me a lie
80%
t the show
80%
t this town
80%
t through the dark
80%
t treat people with kindness
80%
t two ghosts
80%
t two of us
80%
u up all night
80%
w walking in the wind
80%
w what a feeling
80%
w why dont we go there
80%
w wolves
80%
w written all over your face
80%
a alive
60%
a all i want (for christmas)
60%
a american girls
60%
b bedroom floor
60%
b broken bones
60%
c canyon moon
60%
c cherry
60%
c chicago
60%
c cinema
60%
c coming up roses
60%
d daydreaming
60%
d daylight
60%
d dear patience
60%
d dinner party
60%
d dress
60%
d dusk till dawn
60%
f face the music
60%
f falling
60%
f fearless
60%
f fools gold
60%
f for you
60%
h habit
60%
h heart attack
60%
h holding on to heartache
60%
i imposter
60%
i irresistible
60%
j just like you
60%
l little more time
60%
l loved you first
60%
l love of my life
60%
l lucid
60%
m meet me in the hallway
60%
m meltdown
60%
m mirrors
60%
m moral of the story
60%
n nobody compares
60%
n nothing
60%
o one way or another
60%
o on fire
60%
o on the loose
60%
o our song
60%
p paint by numbers
60%
p palaces
60%
p perfect now
60%
p pillowtalk
60%
p pop
60%
r remember
60%
s satellite
60%
s science
60%
s sideways
60%
s stole my heart
60%
t taste back
60%
t temporary fix
60%
t to be so lonely
60%
t truly madly deeply
60%
w we made it
60%
y you could start a cult
60%
b borders
40%
b boyfriends
40%
c calamity
40%
c carolina
40%
c common
40%
c common people
40%
c copy of a copy of a copy
40%
d die for me
40%
d drive safe
40%
d drunk
40%
e end of an era
40%
e entertainer
40%
e everywhere
40%
f familiar
40%
f finally free
40%
g good years
40%
g grateful
40%
h headline
40%
h heart meet break
40%
h high in california
40%
h hips dont lie
40%
h home with you
40%
i i dont wanna live forever
40%
i if you leave me
40%
i i should have kissed you
40%
j jump the gun
40%
l last night
40%
l late night talking
40%
l let me
40%
l lights up
40%
l little freak
40%
l lucky again
40%
m medicine
40%
m mind of mind
40%
n never grow up
40%
o on a night like tonight
40%
o on my own
40%
p polaroid
40%
p put a little love on me
40%
r rainberry
40%
s saturdays
40%
s save my life
40%
s season 2 weight loss
40%
s she is beauty we are world class
40%
s side effects
40%
s silver tongues
40%
s since were alone
40%
s sour diesel
40%
s stack it up
40%
s stardust
40%
s sweat
40%
t thats the way love goes
40%
t the answer
40%
t the observer
40%
t the tide
40%
t the waiting game
40%
t tio
40%
t too much
40%
t too much to ask
40%
t too young
40%
t trampoline
40%
v vibez
40%
w woman
40%
y you and me
40%
# 47 11
20%
# 5th element
20%
a alienated
20%
a all that
20%
a all these skies
20%
a all this time
20%
a anna
20%
a arms of a stranger
20%
a a whole new world
20%
b back to life
20%
b back to sleep
20%
b bad for you
20%
b befour
20%
b believe me
20%
b bend the rules
20%
b better man
20%
b birds on a cloud
20%
b blooming
20%
b blue
20%
b both ways
20%
b boys are fun
20%
b break free
20%
b breathe
20%
b bright
20%
c concrete kisses
20%
c connexion
20%
c cross your mind
20%
c cruel
20%
d depend on it
20%
d die if i dont
20%
d do something good
20%
d dreamin
20%
e eyes closed
20%
f false starts
20%
f fighting over nothing
20%
f fingers
20%
f fire away
20%
f first time
20%
f flames
20%
f flight of the stars
20%
f flowers
20%
f fool for you
20%
f freedun
20%
f fresh air
20%
f fuchsia sea
20%
g gates of hell
20%
g gave
20%
g good guy
20%
g grimez
20%
h how it feels
20%
i icarus interlude
20%
i i dont mind
20%
i if i got you
20%
i ignorance aint bliss
20%
i imprint
20%
i insomnia
20%
i in the bag
20%
i its you
20%
l lied to
20%
l like i would
20%
l live forever
20%
l looks like lucy
20%
l lucozade
20%
m met tonight
20%
m mia
20%
m monochromatic
20%
m my woman
20%
n natural
20%
n naughty list
20%
n no candle no light
20%
n no judgement
20%
n nusrat
20%
o outside
20%
p paradise
20%
p prayers
20%
r rear view
20%
r river road
20%
r rude hours
20%
r rumors
20%
s satisfaction
20%
s say it all
20%
s scripted
20%
s seeing blind
20%
s send me under
20%
s she dont love me
20%
s she gets it from her mother
20%
s shoot at will
20%
s side by side
20%
s sleepwalking
20%
s so long
20%
s something in the water
20%
s stand still
20%
s sunshine
20%
t talk to me
20%
t tastes so good
20%
t there you are
20%
t the spark
20%
t the time
20%
t tightrope
20%
t to begin again
20%
t tonight
20%
t truth
20%
t tu hai kahan
20%
u unfuckwitable
20%
u used to the blues
20%
w what i am
20%
w when loves around
20%
w windowsill
20%
y you wish you knew
20%
b betting folk
0%
f fatal
0%
g get low
0%
l like i have you
0%
l love like this
0%
l loving the way i do
0%
o old tricks
0%
p pretty
0%
r raise the dead
0%
s save me time
0%
s still got time
0%
t take turns
0%
t tell your friends
0%
w weekend
0%
w what a time
0%
w wrong
0%
No matching quizzes found
Score Distribution
Percent of People with Each Score
Percentile by Number Answered
Your Score History
You have not taken this quiz since the last reset